| 000 | 05337cam a22018854i 4500 | ||
|---|---|---|---|
| 003 | PE-LiUPU | ||
| 005 | 20250813165428.0 | ||
| 008 | 150602s2014 pe a rb 000 0 spa d | ||
| 020 | _a9786123041960 | ||
| 035 | _a(Sirsi) i9786123041960 | ||
| 040 |
_aPE-LiUPU _bspa _cPE-LiUPU _erda |
||
| 049 | _aPRUA | ||
| 082 | 0 | 4 |
_a637.3 _bI79 |
| 082 | 0 | 4 |
_a637.3 _bI79 2014 |
| 100 | 1 |
_aIsique Huaroma, Julio, _eautor. |
|
| 245 | 1 | 0 |
_aElaboración de quesos / _cJulio Isique Huaroma. |
| 250 | _aPrimera edicion. | ||
| 264 | 1 |
_aLima, Perú : _bEmpresa editorial Macro, _c2014. |
|
| 300 |
_a100 páginas : _bilustraciones ; _c21 cm. |
||
| 336 |
_atext _2rdacontent |
||
| 337 |
_aunmediated _2rdamedia |
||
| 338 |
_avolume _2rdacarrier |
||
| 490 | 0 |
_aCrea tu propia micro empresa. _aColección en industria alimentaria |
|
| 500 | _aGlosario de términos : páginas [101]-[102]. | ||
| 504 | _aBibliografía : página [103]. | ||
| 505 | 0 | _aHistoria del queso -- Aspectos generales -- La leche -- Propiedades de la leche -- Fuentes de contaminación de la leche cruda -- Producción de leche de calidad -- Recolección, transporte recepción de la leche -- Transporte de la leche -- El pH en la leche a temperatura ambiente -- Elaboración de quesos -- Definición -- Clasificación -- Factores que alteran el rendimiento del queso -- Instalaciones y requerimientos para la elaboración de quesos -- Recomendaciones técnicas para instalar una quesería -- Operaciones previas a la elaboración -- Queso fresco -- Queso ricotta -- Queso mozzarella -- Queso paria -- Control de calidad en los quesos - Aspectos técnicos de la calidad del queso -- Control de calidad en la producción -- Análisis fisicoquímicos de rutina -- Fallas y posibles soluciones en quesos -- Fallas comunes en el producto final -- Glosario de términos -- Fuentes bibliográficas. | |
| 526 | _aP203 | ||
| 526 | _aP200 | ||
| 526 | _aSEG65 | ||
| 526 | _aSEG64 | ||
| 526 | _aSEG63 | ||
| 526 | _aSEG62 | ||
| 526 | _aSEG61 | ||
| 526 | _aSEG60 | ||
| 526 | _aSEG59 | ||
| 526 | _aSEG58 | ||
| 526 | _aSEG57 | ||
| 526 | _aSEG56 | ||
| 526 | _aSEG55 | ||
| 526 | _aSEG54 | ||
| 526 | _aSEG53 | ||
| 526 | _aSEG52 | ||
| 526 | _aSEG51 | ||
| 526 | _aSEG50 | ||
| 526 | _aSEG49 | ||
| 526 | _aSEG48 | ||
| 526 | _aSEG47 | ||
| 526 | _aSEG46 | ||
| 526 | _aSEG24 | ||
| 526 | _aSEG23 | ||
| 526 | _aSEG22 | ||
| 526 | _aSEG21 | ||
| 526 | _aSEG20 | ||
| 526 | _aSEG19 | ||
| 526 | _aSEG18 | ||
| 526 | _aSEG17 | ||
| 526 | _aSEG16 | ||
| 526 | _aSEG14 | ||
| 526 | _aSEG13 | ||
| 526 | _aSEG12 | ||
| 526 | _aSEG11 | ||
| 526 | _aSEG10 | ||
| 526 | _aSEG09 | ||
| 526 | _aSEG06 | ||
| 526 | _aSEG05 | ||
| 526 | _aSEG04 | ||
| 526 | _aSEG03 | ||
| 526 | _aSEG02 | ||
| 526 | _aSEG68 | ||
| 526 | _aSEG66 | ||
| 526 | _aSEG45 | ||
| 526 | _aSEG25 | ||
| 526 | _aSEG01 | ||
| 526 | _aP163 | ||
| 526 | _aP162 | ||
| 526 | _aP161 | ||
| 526 | _aP160 | ||
| 526 | _aP159 | ||
| 526 | _aP158 | ||
| 526 | _aP157 | ||
| 526 | _aP156 | ||
| 526 | _aP155 | ||
| 526 | _aP154 | ||
| 526 | _aP153 | ||
| 526 | _aP152 | ||
| 526 | _aP151 | ||
| 526 | _aP150 | ||
| 526 | _aP149 | ||
| 526 | _aP142 | ||
| 526 | _aP141 | ||
| 526 | _aP140 | ||
| 526 | _aP139 | ||
| 526 | _aP138 | ||
| 526 | _aP137 | ||
| 526 | _aP132 | ||
| 526 | _aP131 | ||
| 526 | _aP130 | ||
| 526 | _aP126 | ||
| 526 | _aP125 | ||
| 526 | _aP124 | ||
| 526 | _aP123 | ||
| 526 | _aP115 | ||
| 526 | _aP122 | ||
| 526 | _aP121 | ||
| 526 | _aP116 | ||
| 526 | _a P114 | ||
| 526 | _aP112 | ||
| 526 | _aP111 | ||
| 526 | _aP104 | ||
| 526 | _aP103 | ||
| 526 | _aP102 | ||
| 526 | _aP101 | ||
| 526 | _aP100 | ||
| 526 | _aP96 | ||
| 526 | _aP95 | ||
| 526 | _aP93 | ||
| 526 | _aP92 | ||
| 526 | _aP91 | ||
| 526 | _aP88 | ||
| 526 | _aP83 | ||
| 526 | _aP82 | ||
| 526 | _aP79 | ||
| 526 | _aP78 | ||
| 526 | _aP75 | ||
| 526 | _aP74 | ||
| 526 | _aP71 | ||
| 526 | _aP69 | ||
| 526 | _a P51 | ||
| 526 | _aP49 | ||
| 526 | _aP48 | ||
| 526 | _aP47 | ||
| 526 | _aP33 | ||
| 526 | _aP31 | ||
| 526 | _a P30 | ||
| 526 | _aP29 | ||
| 526 | _aP27 | ||
| 526 | _aP26 | ||
| 526 | _aP25 | ||
| 526 | _aP24 | ||
| 526 | _a P22 | ||
| 526 | _aP10 | ||
| 526 | _aP09 | ||
| 526 | _a P08 | ||
| 526 | _aP06 | ||
| 526 | _aP05 | ||
| 526 | _aP04 | ||
| 526 | _aP01 | ||
| 541 | _g043-0014411; | ||
| 541 | _g043-0014562; | ||
| 650 | 7 |
_aQuesos _xElaboración. _2embne |
|
| 910 |
_ajche _bjkc _cjche _d20150602 |
||
| 910 |
_ajck _bjkc _cjck _d20150831 |
||
| 910 |
_ctqv _d20170407 |
||
| 942 |
_2ddc _cBOOK |
||
| 949 |
_a637.3 I79 2014 _wDEWEY _c1 _i71396 _lCCODEBUL1 _mBUL _p3.50 _r0 _sY _tBOOK _u2015-6-2 _xINGENIERIA _PP26 _o.STAFF. Colección general Juliaca |
||
| 994 |
_aC0 _bPEPRU |
||
| 596 | _a1 3 | ||
| 999 |
_a637.3 I79 _wDEWEY _c19982 _i71396 _d19982 _e2018-10-16 _f2021-11-9 _g7 _lCCODEBUL1 _mBUL _n1 _p3.50 _q1 _r0 _sY _tBOOK _u2015-6-2 _xINGENIERIA _PP26 _0COMPRA _o.STAFF. Colección general |
||
| 999 |
_a637.3 I31 2014 _wDEWEY _c1 _iFJ00139 _lCCODEBUJ1 _mBUJ _p3.35 _r0 _sY _tBOOK _u2015-8-31 _xINGENIERIA _PP26 _0COMPRA _o.STAFF. Colección General Juliaca |
||
| 980 |
_81 _gALBERTO SANCHEZ Responsable de Automatización |
||